Ekonomický dopad Arabskej jari na vybrané štáty severnej Afriky diplomová práca

Salvato in:
Dettagli Bibliografici
Autore principale: Čambalová, Alexandra
Ente Autore: Fakulta medzinárodných vzťahov EU. Katedra medzinárodných ekonomických vzťahov a hospodárskej diplomacie
Altri autori: Grešš, Martin, 1978-
Natura: Libro
Lingua:slovacco
Pubblicazione: Bratislava 2019
Tags: Aggiungi Tag
Nessun Tag, puoi essere il primo ad aggiungerne!!

MARC

LEADER 00000nbm a2200000 4500
001 0255065
005 20190806133220.9
041 0 |a slo 
044 |a SK 
245 1 0 |a Ekonomický dopad Arabskej jari na vybrané štáty severnej Afriky  |b diplomová práca  |c Alexandra Čambalová ; školiteľ: Martin Grešš 
264 1 |a Bratislava  |c 2019 
300 |a 75 s. 
100 1 |a Čambalová, Alexandra 
700 1 |a Grešš, Martin, 1978- 
710 2 |a Fakulta medzinárodných vzťahov EU. Katedra medzinárodných ekonomických vzťahov a hospodárskej diplomacie